Statistics for State Quiz - Montana

Click here to take the quiz!

General Stats

  • This quiz has been taken 17,473 times
    (14,500 since last reset)
  • The average score is 11 of 20

Answer Stats

HintAnswer% Correct
State capitalHelena
90%
In 1870, there were 13 million of these creatures in Montana.
By 1884, there were almost none.
Bison
86%
1876 battle where Custer met his endBattle of the Little
{Big} {Horn}
81%
What montaña means in SpanishMountain
81%
State nickname #2{Big} {Sky} Country
70%
River that starts in Montana before joining the Mississippi River over 2000 miles laterMissouri River
70%
Most populous cityBillings
68%
State animal (Latin name: Ursus arctos horribilis)Grizzly Bear
63%
Robert Redford movie about a guy who can communicate with horsesThe Horse Whisperer
57%
Montana's motto is "Oro y Plata". What does that mean in English?Gold and silver
54%
National park shared with CanadaGlacier
53%
Montana is home to hundreds of silos with Minutemen inside them.
What is a Minuteman?
a Nuclear Missile
50%
Largest Native American reservation (hint: a bird)Crow
37%
Movie starring Brad Pitt set in Montana in the early 20th centuryA River Runs Through It
35%
City that was the headquarters of that companyButte
35%
Huge copper-mining company that went defunct in 1983 (hint: a snake)Anaconda
32%
Nez Perce leader, captured in 1877, who said "I will fight no more forever"Chief {Joseph}
32%
Name of a mountain range and the state flower{Bitter}root
30%
Movie starring Brad Pitt set in Montana in the early 20th centuryLegends of the Fall
29%
State nickname #1The {Treasure} State
28%

Score Distribution

Percentile by Number Answered

Percent of People with Each Score

Your Score History

You have not taken this quiz since the last reset